Narastajúci trh mestského turizmu v Bratislavskom samosprávnom kraji

World Tourism Organization - WTO "Vízie turizmu do roku 2020". Nárast mestského turizmu a jeho multiplikačný efekt. Regionálny rozvoj a faktory sociálno-kultúrnych vzťahov. Ekonomické výhody a skúsenosti s narastajúcim počtom návštevníkov.

Na minha lista:
Detalhes bibliográficos
Autor principal: Mišúnová, Ema
Formato: Capítulo de Livro
Idioma:eslovaco
inglês
Assuntos:
Tags: Adicionar Tag
Sem tags, seja o primeiro a adicionar uma tag!

MARC

LEADER 00000naa$a2200000$$$4500
001 0120541
005 20240502072345.8
041 0 |a slo 
041 0 |a eng 
044 |a SK 
245 1 0 |a Narastajúci trh mestského turizmu v Bratislavskom samosprávnom kraji  |c Ema Mišúnová 
500 |a Abstrakt 
520 |a World Tourism Organization - WTO "Vízie turizmu do roku 2020". Nárast mestského turizmu a jeho multiplikačný efekt. Regionálny rozvoj a faktory sociálno-kultúrnych vzťahov. Ekonomické výhody a skúsenosti s narastajúcim počtom návštevníkov. 
610 2 0 |a Slovensko 
610 2 0 |a kraje 
610 2 0 |a samospráva miestna 
610 2 0 |a politika ruchu cestovného 
610 2 0 |a mestá 
610 2 0 |a turistika 
610 2 0 |a ruch cestovný sociálny 
610 2 0 |a ruch cestovný mestský 
610 2 0 |a rozvoj regionálny 
610 2 0 |a efektívnosť ekonomická 
100 1 |a Mišúnová, Ema